00797nam a2200241 i 4500003000900000005001700009008004100026020001500067040004600082082002300128100003200151245007000183250002600253264004900279300002300328336002200351337002400373338003300397546002000430650002900450650001900479856005700498EG-GICUC20260411185855.0260411s2005 ne |||fr|||| 00| 0 eng d a9004143084 a EG-GICUCbengc EG-GICUCd EG-GICUCerda04221a341.23bCO . L1 aConforti,BenedettoeAuthor.02aThe Law And Practice Of The United Nations /cBenedetto Conforti. aThird Revised Edition 1aBoston:bMartinus Nijhoff Publishers,c2005. a328 Pages;c24 cm. 2rda contentatext 2rda mediaaComputer 2rda carrieraOnline Resource aText in English04aInternational Public Law04aUnited Nations40uhttps://fll.law.cu.edu.eg/fulltext/bks/B11-09784.pdf